000 00559nam a2200229Ia 4500
003 0100
008 130303s9999 xx 000 0 und d
020 _a055305757X
040 _cARRUPELIB
050 _aBF698.3.O43 1990
100 _aJohn M. Oldham , M.D
245 4 _aThe Personality self-portrait
245 _bwhy you think , work , love and act the way you do
260 _aNew York
260 _bBantam
260 _C1990
300 _ax
300 _b 438p. 24cm.
650 _aPSYCHOLOGY
700 _aMorris , Lois B
942 0 0 _01
999 _c12829
_d12829